Využitie strojového učenia a umelej inteligencie na odhad procesných veličín bakalárska práca

Uložené v:
Podrobná bibliografia
Hlavný autor: Hrstka, Samuel
Médium: Kniha
Jazyk:Slovak
Vydavateľské údaje: Bratislava STU FCHPT 2018
On-line prístup:View in OPAC
Tagy: Pridať tag
Žiadne tagy, Buďte prvý, kto otaguje tento záznam!

MARC

LEADER 00000nam a2200000 a 4500
005 20260127134308.0
008 181029 2018 xo a 001 0 slo d
035 |a vtls011788284 
039 9 |y 201810291316  |z mschk03 
040 |a STUSCHK1  |b slo  |c STUSCHK1  |e AACR2 
100 1 |a Hrstka, Samuel 
245 1 |a Využitie strojového učenia a umelej inteligencie na odhad procesných veličín  |b bakalárska práca  |c Samuel Hrstka 
260 |a Bratislava  |b STU FCHPT  |c 2018 
300 |a 34 s.  |b il.  |c 25 cm 
500 |a Študijný program: automatizácia, informatizácia a manažment v chémii a potravinárstve 
500 |a Študijný program: automatizácia, priemyselné inžinierstvo 
500 |a Školiace pracovisko: Ústav informatizácie, automatizácie a matematiky 
500 |a Evid. číslo: FCHPT-113709-82054 
910 |a SCHK95 
999 |c 9043  |d 9043